Enfermedad y familia: manual de intervención psicosocial

Wedi'i Gadw mewn:
Manylion Llyfryddiaeth
Prif Awdur: Navarro Góngora, José (autor)
Fformat: Llyfr
Iaith:Sbaeneg
Cyhoeddwyd: Barcelona Paidós 2004
Cyfres:Psicología Psiquiatría Psicoterapia, 219
Pynciau:
Tagiau: Ychwanegu Tag
Dim Tagiau, Byddwch y cyntaf i dagio'r cofnod hwn!

MARC

LEADER 00000nam a2200000 a 4500
001 UCK4145
003 CL-VaPUC
008 050520e20040000SP |||||||||||||||||spa|d
020 |a 8449315875 
082 0 4 |a 616.89156  |b NAV  |2 21 
100 |a Navarro Góngora, José  |e autor  |9 501724 
245 1 0 |a Enfermedad y familia: manual de intervención psicosocial 
300 |a 337 p 
942 |c BK 
945 |d 20050520 00:00:00  |a jcarroza 
260 |a Barcelona  |b Paidós  |c 2004 
650 0 |a Terapia familiar  |9 312193 
650 0 |a Psicoterapia familiar  |9 310747 
650 0 |a Salud mental  |9 308393 
650 0 |a Manuales  |9 257144 
650 7 |a PSICOSOCIOLOGIA  |2 CL-VaPUC  |9 337830 
583 |a last modification  |c 20050520 00:00:00  |k Rodrigo Vera 
490 0 |a Psicología Psiquiatría Psicoterapia, 219 
999 |c 313100  |d 313098 
952 |0 0  |1 0  |4 0  |6 616_891560000000000_NAV_2004  |7 0  |8 A  |9 384190  |a BIBEDU  |b BIBEDU  |d 2019-11-22  |i 4124510  |o 616.89156 NAV 2004  |p 4124510  |r 2019-11-22  |w 2019-11-22  |y BK  |k PSI